• 首页
  • 本馆介绍
  • 公告通知
  • 最新文献
  • 馆藏检索
  • 电子资源
  • 读者导购
  • 参考咨询
  • 我的图书馆
  • 登录
  • 详细信息显示
  • 放入我的书架
  • 预约/预借图书
  • 作者相关作品
  • 分类相关作品
  • 丛书相关作品
  • 出版社相关作品

书目信息

  • 表格格式
  • 工作单格式
  • 卡片格式
题名:
血液净化相关并发症
    
 
作者: 李宓 主编
分册:  
出版信息: 北京   科学出版社  2016.03
页数: 541页
开本: 26cm
丛书名:
单 册:
中图分类: R459.5
科图分类:
主题词: 血液透析--并发症--诊疗
电子资源:
ISBN: 978-7-03-047586-2
000 00965nam0 2200217 450
001 4652
005 20181012150258.70
010    @a978-7-03-047586-2@b精装@dCNY148.00
100    @a20160406d2016 em y0chiy0110 ea
101 0  @achi
102    @aCN@b110000
105    @ay z 000yy
200 1  @a血液净化相关并发症@9xue ye jing hua xiang guan bing fa zheng@b专著@f李宓主编
210    @a北京@c科学出版社@d2016.03
215    @a541页@d26cm
330    @a本书共分为三篇三十六章,第一篇介绍血液透析设备、技术及用药引起的并发症;第二篇介绍血液透析所引起的各器官系统的并发症;第三篇:介绍血液净化中一些应该特殊注意的问题,如老年、小儿、妇女、男科的透析问题及CRRT的一些常见并发症,以及新近出现的一些透析方式相关并发症和一些容易被忽视的透析并发症,并介绍了全球的透析现状、透析对环境的影响及透析中心的标准化管理原则等。
606 0  @a血液透析@x并发症@x诊疗
690    @aR459.5@v5
701  0 @a李宓@9li mi@4主编
801  0 @aCN@b91MARC@c20160516
905    @aMuseLib@dR459.5@e125
    
    血液净化相关并发症/李宓主编.-北京:科学出版社,2016.03
    541页;26cm
    
    
    ISBN 978-7-03-047586-2(精装):CNY148.00
    本书共分为三篇三十六章,第一篇介绍血液透析设备、技术及用药引起的并发症;第二篇介绍血液透析所引起的各器官系统的并发症;第三篇:介绍血液净化中一些应该特殊注意的问题,如老年、小儿、妇女、男科的透析问题及CRRT的一些常见并发症,以及新近出现的一些透析方式相关并发症和一些容易被忽视的透析并发症,并介绍了全球的透析现状、透析对环境的影响及透析中心的标准化管理原则等。
●
相关链接 在E读中查询图书 在五车中查询图书 在当当中查询图书 在豆瓣中查询图书


正题名:血液净化相关并发症     索取号:R459.5/125         预约/预借

序号 登录号 条形码 馆藏地/架位号 状态 备注
1 1126124   211261249   第二样本阅览室/ [索取号:R459.5/125] 在馆    
2 1126125   211261258   第三借阅区/ [索取号:R459.5/125] 在馆    
3 1126126   211261267   密集书库-生命科学系/ [索取号:R459.5/125] 在馆    
唐山师范学院图书馆 欢迎您!
大连网信软件有限公司© 版权所有